| 000 | 00849cam a22002653a 4500 | ||
|---|---|---|---|
| 001 | 4547 | ||
| 003 | PGUSA | ||
| 005 | 20140828083058.0 | ||
| 008 | 031001s2003||||xxu|||||s|||||000 1 eng d | ||
| 040 |
_aPGUSA _beng |
||
| 042 | _adc | ||
| 050 | 4 | _aPZ | |
| 050 | 4 | _aPS | |
| 100 | 1 |
_aDuncan, Sara Jeannette, _d1861-1922 |
|
| 245 | 1 | 4 |
_aThe Story of Sonny Sahib _h[electronic resource] / _cSara Jeannette Duncan |
| 260 |
_bProject Gutenberg, _c2003 |
||
| 506 | _aPublic domain in the USA. | ||
| 516 | _aElectronic text | ||
| 653 | _aIndia -- History -- British occupation, 1765-1947 -- Juvenile fiction | ||
| 653 | _aIndia -- Social life and customs -- 19th century -- Juvenile fiction | ||
| 653 | _aBritish -- India -- Juvenile fiction | ||
| 830 | 0 |
_aProject Gutenberg _v4547 |
|
| 856 | 4 | 0 | _uhttp://www.gutenberg.org/ebooks/4547 |
| 942 | _cEB | ||
| 999 |
_c233876 _d233876 |
||